| 000 -LEADER |
| fixed length control field |
00759cam a22001934a 4500 |
| 040 ## - CATALOGING SOURCE |
| Transcribing agency |
COO |
| 082 ## - DEWEY DECIMAL CLASSIFICATION NUMBER |
| Classification number |
331 CAM 2003 A072 Or. |
| 245 00 - TITLE STATEMENT |
| Title |
Off-farm and non-farm employment : |
| Remainder of title |
a perspective on job creation in Cambodia / |
| 260 ## - PUBLICATION, DISTRIBUTION, ETC. (IMPRINT) |
| Place of publication |
Phnom Penh : |
| Name of publisher |
Cambodia Development Resource Institute in collaboration with the Cambodian Institute for Cooperation and Peace, |
| Year of publication |
[2003] |
| 300 ## - PHYSICAL DESCRIPTION |
| Number of Pages |
v, 64 p. : |
| Other physical details |
ill., maps ; |
| Dimensions |
30 cm. |
| 490 1# - SERIES STATEMENT |
| Series statement |
Working paper, |
| 500 ## - GENERAL NOTE |
| General note |
"February 2003." |
| 650 #0 - SUBJECT ADDED ENTRY--TOPICAL TERM |
| Topical Term |
Job creation |
| 650 #0 - SUBJECT ADDED ENTRY--TOPICAL TERM |
| Topical Term |
Rural industries |
| 700 1# - ADDED ENTRY--PERSONAL NAME |
| Personal name |
Acharya, Sarthi, |
| 710 2# - ADDED ENTRY--CORPORATE NAME |
| Corporate name or jurisdiction name as entry element |
Vidyāsthān Paṇṭuḥ Paṇṭāl niṅ Srāvjrāv ṭoempī Qabhivaḍḍhn ̊Kambujā. |
| 710 2# - ADDED ENTRY--CORPORATE NAME |
| Corporate name or jurisdiction name as entry element |
Cambodian Institute for Cooperation and Peace. |
| 942 ## - ADDED ENTRY ELEMENTS (KOHA) |
| Koha item type |
សៀវភៅភាសាអង់គ្លេស |
| 952 ## - LOCATION AND ITEM INFORMATION (KOHA) |
| Withdrawn status [LOCAL, KOHA] |
0 |